Environmental toxicology (Record no. 7252)

MARC details
000 -LEADER
fixed length control field 01310cam a22003254a 4500
001 - CONTROL NUMBER
control field 12279315
003 - CONTROL NUMBER IDENTIFIER
control field OSt
005 - DATE AND TIME OF LATEST TRANSACTION
control field 20210921120011.0
008 - FIXED-LENGTH DATA ELEMENTS--GENERAL INFORMATION
fixed length control field 010116s2002 nyua b 001 0 eng
010 ## - LIBRARY OF CONGRESS CONTROL NUMBER
LC control number 2001018486
020 ## - INTERNATIONAL STANDARD BOOK NUMBER
International Standard Book Number 0521581516 (hardback)
020 ## - INTERNATIONAL STANDARD BOOK NUMBER
International Standard Book Number 052158860X (pbk.)
040 ## - CATALOGING SOURCE
Original cataloging agency DLC
Transcribing agency DDC
Modifying agency DLC
042 ## - AUTHENTICATION CODE
Authentication code pcc
050 00 - LIBRARY OF CONGRESS CALL NUMBER
Classification number RA1226
Item number .W75 2002
082 00 - DEWEY DECIMAL CLASSIFICATION NUMBER
Classification number 615.902WRI2002
100 1# - MAIN ENTRY--PERSONAL NAME
Personal name Wright, David A.,
Dates associated with a name 1948-
9 (RLIN) 14893
245 10 - TITLE STATEMENT
Title Environmental toxicology
Statement of responsibility, etc. Edited by Wright,David A. and Welbourn,Pamela;
260 ## - PUBLICATION, DISTRIBUTION, ETC. (IMPRINT)
Place of publication, distribution, etc. New York :
Name of publisher, distributor, etc. Cambridge University Press,
Date of publication, distribution, etc. c2002.
300 ## - PHYSICAL DESCRIPTION
Extent xxiii,630p. :
Other physical details ill. ;
Dimensions 25 cm.
440 #0 - SERIES STATEMENT/ADDED ENTRY--TITLE
Title Cambridge environmental chemistry series ;
Volume/sequential designation 11
9 (RLIN) 12783
504 ## - BIBLIOGRAPHY, ETC. NOTE
Bibliography, etc Includes; bibliographical references and index.
650 #0 - SUBJECT ADDED ENTRY--TOPICAL TERM
Topical term or geographic name as entry element Biology
9 (RLIN) 5602
700 1# - ADDED ENTRY--PERSONAL NAME
Personal name Welbourn, Pamela,
Dates associated with a name 1935-
9 (RLIN) 14894
856 42 - ELECTRONIC LOCATION AND ACCESS
Materials specified Publisher description
Uniform Resource Identifier <a href="http://www.loc.gov/catdir/description/cam021/2001018486.html">http://www.loc.gov/catdir/description/cam021/2001018486.html</a>
856 41 - ELECTRONIC LOCATION AND ACCESS
Materials specified Table of contents
Uniform Resource Identifier <a href="http://www.loc.gov/catdir/toc/cam023/2001018486.html">http://www.loc.gov/catdir/toc/cam023/2001018486.html</a>
906 ## - LOCAL DATA ELEMENT F, LDF (RLIN)
a 7
b cbc
c orignew
d 1
e ocip
f 20
g y-gencatlg
942 ## - ADDED ENTRY ELEMENTS (KOHA)
Source of classification or shelving scheme Dewey Decimal Classification
Koha item type Open Shelf
Holdings
Withdrawn status Lost status Source of classification or shelving scheme Damaged status Not for loan Home library Current library Date acquired Source of acquisition Inventory number Total Checkouts Full call number Barcode Date last seen Price effective from Koha item type
    Dewey Decimal Classification     MUST Main Library MUST Main Library 21/09/2021 donation 06/26141   615.902WRI2002 2021-1195 21/09/2021 21/09/2021 Open Shelf